Import trade control policy ( for registered exporters) (Record no. 497992)

000 -LEADER
fixed length control field 00445cam a22001097a 4500
008 - FIXED-LENGTH DATA ELEMENTS--GENERAL INFORMATION
fixed length control field 180718b xxu||||| |||| 00| 0 eng d
082 ## - DEWEY DECIMAL CLASSIFICATION NUMBER
Classification number T394x54 In2/1973-74/2
245 ## - TITLE STATEMENT
Title Import trade control policy ( for registered exporters)
Statement of responsibility, etc. by Ministry of Commerce, India
260 ## - PUBLICATION, DISTRIBUTION, ETC.
Place of publication, distribution, etc. New Delhi
Name of publisher, distributor, etc. Government of India Press
Date of publication, distribution, etc.
500 ## - GENERAL NOTE
General note Contents: Library has : v.2(April 1973 - March 1974), v.2( April 1976- March 1977)
700 ## - ADDED ENTRY--PERSONAL NAME
Personal name India. Ministry of Commerce
Holdings
Withdrawn status Lost status Damaged status Not for loan Permanent Location Current Location Date acquired Full call number Barcode Date last seen Price effective from Koha item type
        Indian Institute of Public Administration Indian Institute of Public Administration 2018-08-04 T394x54 In2/1973-74/2 G13214 2018-08-04 2018-08-04 G
        Indian Institute of Public Administration Indian Institute of Public Administration 2018-08-04 T394x54 In2/1973-74/2 G11734 2018-08-04 2018-08-04 G

Powered by Koha